000 01035nam a2200229 4500
005 20260211163757.0
008 260211b |||||||| |||| 00| 0 eng d
020 _a9789350000151
037 _cTB
040 _aCRL
_cCRL
041 _2hin
_ahin
084 _aO152,1N26:g N8
_qCRL
100 _aतनेजा, जयदेव
_91115374
245 _aअंधायुग:
_bपाठ और प्रदर्शन
260 _aनयी दिल्ली, भारत:
_bराष्ट्रीय नाट्य विद्यालय,
_c2009.
300 _a185पृ.
365 _b400.00
_cINR
650 _aहिन्दी कविता
_91115375
650 _aहिन्दी साहित्य
_91115376
942 _2CC
_n0
_cTB
_hO152,1N26:g N8
999 _c1679405
_d1679405